000 00298nam a22001337a 4500
008 170614b xxu||||| |||| 00| 0 eng d
020 _a0887381324
041 _aeng
080 _a32
100 _a19
101 _aSHP
245 _aPOLITICS AND PETROLEUM IN ECUADOR
_cMARTZ,J.D
942 _2udc
_cBK
999 _c17423
_d17423